Statistics for Ultimate K-pop Boy Bands

Click here to take the quiz!

General Stats

  • This quiz has been taken 174 times
  • The average score is 24 of 106

Answer Stats

YearBoy Group% Correct
2013BTS
96%
2012EXO
91%
2006Big Bang
86%
2008SHINee
83%
2005Super Junior
80%
2015Seventeen
75%
2014GOT7
74%
2016NCT
69%
2015Monsta X
63%
2010JYJ
62%
2003TVXQ
62%
20082PM
60%
2010Infinite
59%
2012BtoB
57%
20082AM
55%
2015iKON
54%
2009BEAST
52%
2012VIXX
52%
2014Winner
52%
1996H.O.T.
50%
2001JTL
50%
2011Block B
47%
2012NU'EST
47%
1998Shinhwa
47%
2012B.A.P
44%
2015Day6
41%
2010CNBLUE
40%
2016Astro
38%
2011Boyfriend
35%
2011B1A4
34%
2010Teen Top
34%
2007F.T. Island
33%
2008U-KISS
30%
1997Sechs Kies
27%
2009MBLAQ
26%
1999g.o.d
24%
201224K
22%
2010ZE:A
22%
2012100%
19%
2001Epik High
19%
2015UP10TION
19%
2013History
17%
2015N.Flying
16%
2016KNK
15%
2013Topp Dogg
15%
1992Seo Taiji and Boys
14%
2014Madtown
13%
2011My Name
13%
2005SS501
13%
2012C-Clown
12%
1995Turbo
12%
2012Cross Gene
11%
2013SPEED
11%
2014JJCC
10%
2013Boys Republic
9%
1999Fly to the Sky
9%
2011M.I.B
9%
1997NRG
9%
2010DMTN
8%
2012A-JAX
7%
2012BIGSTAR
7%
2014High4
7%
2016Imfact
7%
2012Mr. Mr.
7%
19981TYM
6%
2013LC9
6%
2010LEDApple
6%
2002Leessang
6%
2013AlphaBAT
5%
2002Black Beat
5%
2003Buzz
5%
1999Click-B
5%
1993Deux
5%
1994DJ DOC
5%
2010F.Cuz
5%
2005Paran
5%
2015ROMEO
5%
2015SNUPER
5%
2004The TRAX
5%
2003Dynamic Duo
4%
2007Supernova
4%
2012Tasty
4%
2012Lunafly
3%
2012Phantom
3%
2013Royal Pirates
3%
2004SG Wannabe
3%
2010The Boss
3%
2011AA
2%
2010Apeace
2%
2003Brown Eyed Soul
2%
2014HeartB
2%
1997Jinusean
2%
2014K-Much
2%
2008Mighty Mouth
2%
2013M.Pire
2%
2011N-Train
2%
1994Roo'ra
2%
2007Tritops
2%
2006Untouchable
2%
2004V.O.S
2%
20015tion
1%
1996CB Mass
1%
2000M.C the Max
1%
1995R.ef
1%
2009SHU-I
1%
1994Two Two
1%

Score Distribution

Percentile by Number Answered

Percent of People with Each Score

Your Score History

You have not taken this quiz